00488nam a2200133 a 450000100100000000500170001000800410002704000250006811000200009324501500011326000450026330000190030870000270032700004566920201002052358.0150422s1989 dr 000 0 spa d aDO-SdBNPbspacBNPHU2 aTeatro Nacional10aHomenaje a Edith Piaf :bmarte 26 y miéircoles 27 de septiembre, 1989 8:30 p.m. Santo Domingo, República Dominicana /cLuisa María Guéll. aSanto Domingo :bTeatro Nacional,c1989. a8 p. ;c22 cm.12aGuéll, Luisa María